Static General Knowledge (Record no. 13339)

MARC details
000 -LEADER
fixed length control field 00354nam a22001577a 4500
003 - CONTROL NUMBER IDENTIFIER
control field OSt
008 - FIXED-LENGTH DATA ELEMENTS--GENERAL INFORMATION
fixed length control field 250419b |||||||| |||| 00| 0 eng d
020 ## - INTERNATIONAL STANDARD BOOK NUMBER
International Standard Book Number 9789394168527
082 ## - DEWEY DECIMAL CLASSIFICATION NUMBER
Classification number 371.120 BHS
100 ## - MAIN ENTRY--PERSONAL NAME
Personal name BHARDWAJ,AP
245 ## - TITLE STATEMENT
Title Static General Knowledge
250 ## - EDITION STATEMENT
Edition statement 3rd Ed
260 ## - PUBLICATION, DISTRIBUTION, ETC. (IMPRINT)
Name of publisher, distributor, etc GK Publisher
Date of publication, distribution, etc 2025
300 ## - PHYSICAL DESCRIPTION
Extent MISC
942 ## - ADDED ENTRY ELEMENTS (KOHA)
Source of classification or shelving scheme Dewey Decimal Classification
Koha item type Text Books
Holdings
Withdrawn status Lost status Source of classification or shelving scheme Damaged status Not for loan Collection code Home library Current library Date acquired Source of acquisition Currency Cost, normal purchase price Bill Number Total Checkouts Full call number Acc. no. / Barcode Date last seen Actual Cost, discounted price Bill Date Koha item type Public note Checked out Date last borrowed
    Dewey Decimal Classification     GENERAL PIET C-LIBRARY PIET C-LIBRARY 11/04/2025 Zaffa Books INR 695.00 ZBD0039   371.120 BHS 39269 19/04/2025 486.50 11/04/2025 Reference Books Competitive    
    Dewey Decimal Classification     GENERAL PIET C-LIBRARY PIET C-LIBRARY 11/04/2025 Zaffa Books INR 695.00 ZBD0039 1 371.120 BHS 39270 17/09/2025 486.50 11/04/2025 Text Books Competitive 16/03/2026 17/09/2025

Design & Developed by: PIET Central Library
R70 Miles Stone Pattikalyana Samalkha Panipat 132102
mail ID :- [email protected], Phone No:- 0180-2569700 Ex.216